Indo-Soviet Treaty (Record no. 1189725)

MARC details
000 -LEADER
fixed length control field 00611nam a2200241Ia 4500
003 - CONTROL NUMBER IDENTIFIER
control field OSt
005 - DATE AND TIME OF LATEST TRANSACTION
control field 20221007110026.0
008 - FIXED-LENGTH DATA ELEMENTS--GENERAL INFORMATION
fixed length control field 221006b |||||||| |||| 00| 0 eng d
037 ## - SOURCE OF ACQUISITION
Terms of availability Textual
040 ## - CATALOGING SOURCE
Original cataloging agency LCO
Transcribing agency LCO
Language of cataloging eng
041 ## - LANGUAGE CODE
Source of code eng
Language code of text/sound track or separate title eng
100 ## - MAIN ENTRY--PERSONAL NAME
Personal name Menon K P S
245 #0 - TITLE STATEMENT
Title Indo-Soviet Treaty
260 ## - PUBLICATION, DISTRIBUTION, ETC.
Place of publication, distribution, etc. Delhi
Name of publisher, distributor, etc. Vikas Publications India
Date of publication, distribution, etc. 1971
300 ## - PHYSICAL DESCRIPTION
Extent 83
650 ## - SUBJECT ADDED ENTRY--TOPICAL TERM
Topical term or geographic name entry element SOVIET TREATY
9 (RLIN) 707041
942 ## - ADDED ENTRY ELEMENTS (KOHA)
Classification part Z2Oj58,3, L1
Koha item type Textual
Holdings
Withdrawn status Lost status Damaged status Not for loan Home library Current library Date acquired Total Checkouts Full call number Barcode Date last seen Price effective from Koha item type
        Law Centre-I Library Law Centre-I Library 2022-10-07   Z2Oj58,3 L1 LO0006497 2022-10-07 2022-10-07 Textual
Copyright @ Delhi University Library System